000 004540000a22001810004500
003 MACL
005 20151017134853.0
008 151017b xxu||||| |||| 00| 0 eng d
040 _aMACL
_cMACL
041 _aEnglish
082 _a920/NAD
100 _aNandkarni, Mohan
_915690
245 _aBal Gandharva
_bThe Nonpareil Thespian
260 _bNatioal Book Trust
_c1988
_aNew Delhi
350 _a50
650 _aBiography
_915691
942 _cBK
_k920
_2ddc
999 _c5016
_d5016